<?xml version="1.0" encoding="UTF-8"?>
<record
    xmlns:xsi="http://www.w3.org/2001/XMLSchema-instance"
    xsi:schemaLocation="http://www.loc.gov/MARC21/slim http://www.loc.gov/standards/marcxml/schema/MARC21slim.xsd"
    xmlns="http://www.loc.gov/MARC21/slim">

  <leader>01087nam a2200265 a 4500</leader>
  <controlfield tag="001">BRCA_3934</controlfield>
  <controlfield tag="005">20190320204501.0</controlfield>
  <controlfield tag="008">110110s1885----mx-a######---#000-0#spa-#</controlfield>
  <datafield tag="041" ind1=" " ind2=" ">
    <subfield code="a">spa</subfield>
  </datafield>
  <datafield tag="044" ind1=" " ind2=" ">
    <subfield code="a">mx</subfield>
  </datafield>
  <datafield tag="050" ind1=" " ind2="4">
    <subfield code="a">F1219</subfield>
    <subfield code="b">.P46 1885</subfield>
  </datafield>
  <datafield tag="100" ind1="1" ind2=" ">
    <subfield code="a">Pe&#xF1;afiel, Antonio.</subfield>
    <subfield code="9">10237</subfield>
  </datafield>
  <datafield tag="245" ind1="1" ind2="0">
    <subfield code="a">Nombres geogr&#xE1;ficos de M&#xE9;xico</subfield>
    <subfield code="b">cat&#xE1;logo alfab&#xE9;tico de los nombres de lugar pertenecientes al idioma Nahuatl, estudio jerogl&#xED;fico de la matr&#xED;cula de los tributos del C&#xF3;dice Mendocino</subfield>
    <subfield code="c">Pe&#xF1;afiel, Antonio.</subfield>
  </datafield>
  <datafield tag="260" ind1=" " ind2=" ">
    <subfield code="a">M&#xE9;xico</subfield>
    <subfield code="b">Secretar&#xED;a de Fomento</subfield>
    <subfield code="c">1885</subfield>
  </datafield>
  <datafield tag="300" ind1=" " ind2=" ">
    <subfield code="a">260 p.</subfield>
    <subfield code="b">il., atlas con 39 l&#xE1;minas</subfield>
    <subfield code="c">30 cm.</subfield>
  </datafield>
  <datafield tag="500" ind1=" " ind2=" ">
    <subfield code="a">Dibujos de las Antig&#xFC;edades mexicanas de Lord Kingsborough por Domingo Carral y grabados por Domingo Carral y grabados por Antonio H. Galaviz.</subfield>
  </datafield>
  <datafield tag="500" ind1=" " ind2=" ">
    <subfield code="a">C85</subfield>
  </datafield>
  <datafield tag="650" ind1="1" ind2="4">
    <subfield code="a">Escritura pict&#xF3;rica mexicana</subfield>
    <subfield code="9">10238</subfield>
  </datafield>
  <datafield tag="650" ind1="1" ind2="4">
    <subfield code="a">Nahuatl</subfield>
    <subfield code="9">10239</subfield>
  </datafield>
  <datafield tag="650" ind1="1" ind2="4">
    <subfield code="a">C&#xF3;dice Mendocino</subfield>
    <subfield code="9">10240</subfield>
  </datafield>
  <datafield tag="650" ind1="1" ind2="4">
    <subfield code="a">Nombres Geogr&#xE1;ficos</subfield>
    <subfield code="e">M&#xE9;xico</subfield>
    <subfield code="9">10241</subfield>
  </datafield>
  <datafield tag="700" ind1="1" ind2=" ">
    <subfield code="a">Kinsgsborough, Edward King</subfield>
    <subfield code="c">visconde de,</subfield>
    <subfield code="f">1795-1837</subfield>
    <subfield code="9">10242</subfield>
  </datafield>
  <datafield tag="902" ind1=" " ind2=" ">
    <subfield code="a">GFM</subfield>
  </datafield>
  <datafield tag="942" ind1=" " ind2=" ">
    <subfield code="2">lcc</subfield>
    <subfield code="c">B</subfield>
  </datafield>
  <datafield tag="999" ind1=" " ind2=" ">
    <subfield code="c">3661</subfield>
    <subfield code="d">3661</subfield>
  </datafield>
  <datafield tag="952" ind1=" " ind2=" ">
    <subfield code="0">0</subfield>
    <subfield code="1">0</subfield>
    <subfield code="4">0</subfield>
    <subfield code="7">0</subfield>
    <subfield code="a">BRCA</subfield>
    <subfield code="b">BRCA</subfield>
    <subfield code="d">2010-01-11</subfield>
    <subfield code="i">C85</subfield>
    <subfield code="l">0</subfield>
    <subfield code="o">F1219 .P46 1885 (C85)</subfield>
    <subfield code="p">3931</subfield>
    <subfield code="r">2019-03-22 00:00:00</subfield>
    <subfield code="w">2019-03-22</subfield>
    <subfield code="y">B</subfield>
  </datafield>
</record>
